The Effect of the conditions of drying on the ageing properties of sheet rubber (Record no. 70647)

MARC details
000 -LEADER
fixed length control field 00348nam a2200109Ia 4500
100 ## - MAIN ENTRY--AUTHOR NAME
Personal name Hastings J D
245 #4 - TITLE STATEMENT
Title The Effect of the conditions of drying on the ageing properties of sheet rubber
260 ## - PUBLICATION, DISTRIBUTION, ETC. (IMPRINT)
Name of publisher Journal of the Rubber Research Institute of Malaya
Year of publication 1935
300 ## - PHYSICAL DESCRIPTION
Number of Pages 90-104
942 ## - ADDED ENTRY ELEMENTS (KOHA)
Koha item type Journals
Holdings
Withdrawn status Lost status Damaged status Not for loan Home library Current library Date acquired Serial Enumeration / chronology Koha item type
      Journals RRII Library RRII Library 17/12/2021 Volume 6, Issue 2 Journals